000 00654nas a2200241 4500
001 BR8306053
003 BR-BrBNA
005 20231205085711.0
007 ta
008 230509b bl.|||p| |||| 00| 00por d
040 _aBR-BrBNA
_bpor
_cBiblioteca Nacional de Agricultura
041 _a(Pt)
072 _aH10
100 1 _aMarques, G.L.
245 1 _aControle biologico da lagarta [soja]
650 _aLAGARTA
650 _aCONTROLE BIOLOGICO
650 _aVIRUS
650 _aSOJA
773 0 _tGranja (Brazil)
_xISSN 0367-505X
_g(Oct 1983), v. 39(429) p. 86-87
_wBR8306053
909 _a202311
_bLúcia
_c55
_dLúcia Elande
942 _2AGRIS
_n0
_cANA
999 _c113185
_d113185